Statistics for NBA Year in Review: 2013–14

Click here to take the quiz!

General Stats

  • This quiz has been taken 37 times
  • The average score is 8 of 14

Answer Stats

HintAnswer% Correct
Points Per Game LeaderKevin Durant
100%
Most Valuable PlayerKevin Durant
100%
Finals MVPKawhi Leonard
81%
Coach of the YearGregg Popovich
72%
Assists Per Game LeaderChris Paul
59%
Steals Per Game LeaderChris Paul
59%
Sixth Man of the YearJamal Crawford
56%
All-Star Game MVPKyrie Irving
50%
Rookie of the YearMichael Carter-Williams
50%
Defensive Player of the YearJoakim Noah
47%
Blocks Per Game LeaderAnthony Davis
34%
Rebounds Per Game LeaderDeAndre Jordan
28%
Most Improved PlayerGoran Dragić
13%
Triple-Doubles LeaderLance Stephenson
13%

Score Distribution

Percentile by Number Answered

Percent of People with Each Score

Your Score History

You have not taken this quiz